header

Designing modern America (Record no. 136051)

MARC details
000 -LEADER
fixed length control field 01877nam a22003734a 4500
082 04 - DEWEY DECIMAL CLASSIFICATION NUMBER
Classification number 792.02/5/092273
100 1# - MAIN ENTRY--AUTHOR NAME
Personal name Innes, Christopher,
245 10 - TITLE STATEMENT
Title Designing modern America
260 ## - PUBLICATION, DISTRIBUTION, ETC. (IMPRINT)
Place of publication New Haven :
Name of publisher Yale University Press,
Year of publication c2005.
300 ## - PHYSICAL DESCRIPTION
Number of Pages xiv, 320 p. :
Other physical details ill.
505 0# - FORMATTED CONTENTS NOTE
Formatted contents note Styling for the modern age -- Egos at work -- Theatrical fashions -- Stage and screen -- Society scenery -- A century of progress -- Riding into the future -- The world of tomorrow -- Car culture -- Street scenes -- Reaching for the sky -- Suburban heaven -- Lifestyle begins in the kitchen -- Selling modernity -- Afterword : then and now.
650 #0 - SUBJECT ADDED ENTRY--TOPICAL TERM
Topical Term Design
Topical Term Theaters
856 40 - ELECTRONIC LOCATION AND ACCESS
Uniform Resource Identifier http://site.ebrary.com/lib/rucke/Doc?id=10169965

No items available.

© 2026 Rongo University
Contact us: librarian | system librarian | Rongo university